Music Quiz

Random Music or Singers Quiz
Score 0/50 Timer 18:00
0 Plays Today
% Correct
Serim
82.1%
Taeyoung
82.1%
Taeyoung
82.1%
Serim
80.6%
Serim
80.6%
Allen
80.6%
Allen
80.6%
Minhee
80.6%
Seongmin
80.6%
Serim
79.1%
Jungmo
79.1%
Jungmo
79.1%
Woobin
79.1%
Woobin
79.1%
Wonjin
79.1%
Minhee
79.1%
Taeyoung
79.1%
Serim Allen
79.1%
Serim
77.6%
Allen
77.6%
Allen
77.6%
Jungmo
77.6%
Jungmo
77.6%
Woobin
77.6%
Woobin
77.6%
% Correct
Woobin
77.6%
Wonjin
77.6%
Wonjin
77.6%
Hyeongjun
77.6%
Hyeongjun
77.6%
Taeyoung
77.6%
Jungmo
76.1%
Wonjin
76.1%
Wonjin
76.1%
Minhee
76.1%
Minhee
76.1%
Hyeongjun
76.1%
Taeyoung
76.1%
Seongmin
76.1%
Seongmin
76.1%
Hyeongjun Allen Taeyoung
76.1%
Allen
74.6%
Minhee
74.6%
Hyeongjun
74.6%
Seongmin
74.6%
Seongmin
73.1%
Hyeongjun
71.6%
Wonjin Woobin Jungmo
68.7%
Minhee Wonjin Jungmo Woobin Hyeongjun
43.3%
Wonjin Seongmin Taeyoung
20.9%
Remove Ads.
Support Sporcle.
Get the best of Sporcle when you Go Orange. This ad-free experience offers more features, more stats, and more fun while also helping to support Sporcle. Thank you for becoming a member.

You're not logged in!

Compare scores with friends on all Sporcle quizzes.
OR
Log In

Sporcle TV

Today on Sporcle TV


Watch our educational content, quiz creation guides, and fun videos on Sporcle TV.

Show Comments

Extras

Top Quizzes Today


Score Distribution

Paid Content

Your Account Isn't Verified!

In order to create a playlist on Sporcle, you need to verify the email address you used during registration. Go to your Sporcle Settings to finish the process.

Report this User

Report this user for behavior that violates our Community Guidelines.

Details: